| 000 | 00442nam a2200169 a 4500 | ||
|---|---|---|---|
| 001 | 0000-9131 | ||
| 003 | ELIB.Books | ||
| 008 | 110520 1982 | ||
| 035 | _a(ELIB.Books)0000-9283 | ||
| 082 |
_a268.434 _bCol |
||
| 100 | _aColeman, Lucien E. | ||
| 245 | _aUnderstanding Today's Adults | ||
| 260 |
_bNashville: Convention Press _c1982 |
||
| 650 | _aChristian Education | ||
| 942 |
_2ddc _cBK |
||
| 998 |
_cbat _e2011-05-20 |
||
| 999 |
_c9131 _d9131 |
||